Asociacionismo y cultura patronales en Castilla y León durante la Restauración (1876-1923) / (Record n. 9083)

Dettagli MARC
000 -LEADER
fixed length control field 01127nam a2200265 i 4500
003 - CONTROL NUMBER IDENTIFIER
control field IT-RoINE
005 - DATE AND TIME OF LATEST TRANSACTION
control field 20201103071528.0
008 - FIXED-LENGTH DATA ELEMENTS--GENERAL INFORMATION
fixed length control field 031030s2003 sp | r o||| ||spa d
020 ## - INTERNATIONAL STANDARD BOOK NUMBER
International Standard Book Number 8497181107
040 ## - CATALOGING SOURCE
Original cataloging agency SpMaBN
Transcribing agency IT-RoINE
100 1# - MAIN ENTRY--PERSONAL NAME
Personal name Calvo Caballero, Pilar
9 (RLIN) 18795
245 10 - TITLE STATEMENT
Title Asociacionismo y cultura patronales en Castilla y León durante la Restauración (1876-1923) /
Statement of responsibility, etc Pilar Calvo Caballero.
260 ## - PUBLICATION, DISTRIBUTION, ETC. (IMPRINT)
Place of publication, distribution, etc [Valladolid] :
Name of publisher, distributor, etc Consejería de Cultura y Turismo, Junta de Castilla y León,
Date of publication, distribution, etc 2003.
300 ## - PHYSICAL DESCRIPTION
Extent 487 p. ;
Dimensions 25 cm.
336 ## - CONTENT TYPE
Source rdacontent
Content type term text
337 ## - MEDIA TYPE
Source rdamedia
Media type term unmediated
338 ## - CARRIER TYPE
Source rdacarrier
Carrier type term volume
490 1# - SERIES STATEMENT
Series statement Estudios de historia
504 ## - BIBLIOGRAPHY, ETC. NOTE
Bibliography, etc Fuentes documentales y bibliográficas: p. [473]-482
650 #4 - SUBJECT ADDED ENTRY--TOPICAL TERM
9 (RLIN) 18796
Topical term or geographic name as entry element Asociaciones de empresarios
Geographic subdivision España
-- Castilla y León
General subdivision Historia
Chronological subdivision 1874-1902 (Restauración)
651 #4 - SUBJECT ADDED ENTRY--GEOGRAPHIC NAME
Geographic name España
General subdivision Historia
9 (RLIN) 7069
Chronological subdivision 1874-1902 (Restauración)
651 #4 - SUBJECT ADDED ENTRY--GEOGRAPHIC NAME
9 (RLIN) 18797
Geographic name Castilla y León (España)
General subdivision Condiciones económicas
-- Historia
Chronological subdivision 1874-1902 (Restauración)
830 #0 - SERIES ADDED ENTRY--UNIFORM TITLE
Uniform title Estudios de historia (Junta de Castilla y León)
9 (RLIN) 12838
942 ## - ADDED ENTRY ELEMENTS (KOHA)
Item type Monografías
Dati di copia
Withdrawn status Lost status Damaged status Not for loan Home library Current library Date acquired Total Checkouts Full call number Barcode Date last seen Price effective from Koha item type
        Iglesia Nacional Española en Roma Iglesia Nacional Española en Roma 29/04/2015   HIS.ESP.4. 924 12821 29/04/2015 29/04/2015 Monografías